000 00428nam a2200145 i 4500
001 bg
100 1 _aKUDREWICZ, H.
245 0 _aDyfrakcja na asymetrycznej półpłaszczyźnie impedancyjnej w ośrodku jednoosiowo anizotropowym /
_cH. Kudrewicz, S. Przeździecki.
260 _aWarszawa,
_c1980.
700 1 _aPRZEŹDZIECKI, S.
040 _cBPK
041 _apol
942 _cKS
008 s pl f |000 0 pol
999 _c20883
_d20883
856 _uhttp://koha.tu.koszalin.pl/cgi-bin/koha/opac-detail.pl?biblionumber=20883
_yKatalog online BPK